1347 1318 1948 1965 1285 1201 1650 1815 1335 1484 1625 1237 1639 1485 1480 1494 1341 1176 1986 1338 1853 1719 1187 1176 1129 1600 1158 1277 1698 1149 1920 1004 1456 1549 1322 1712 1426 1677 1965 1136 1514 1848 1573 1469 1888 1449 1262 1068 1635 1159 1504 1130 1303 1544 1661 1361 1416 1846 1334 1261 1934 1030 1164 1914 1716 1756 1946 1150 1695 1516 1375 1529 1085 1781 1691 1642 1752 1820 1771 1716 1807 1707 1358 1000 1553 1408 1393 1719 1313 1899 1541 1628 1212 1208 1181 1471 1396 1740 1035 BCNSPRNW ULIB Ver.6.0+V

เปลี่ยนเป็นภาษาไทย

Change to English
 แสดงรายละเอียดบรรณานุกรม
  กลับหน้าหลัก

Brief Record : Get Marc (ISO 2709) : E-mail record : QR code < ปิดหน้าต่าง
LEADER : 00000nam 2200000uu 4500
001    13399120514
003     ULIB
008    120921s2550||||th 000 0 tha d
020    ^a9789747350982
060 04 ^aWB935^bว844ม ล.2 2550
100 0  ^aวีระชัย วาสิกดิลก
245 10 ^aมหัศจรรย์ธรรมชาติบำบัด 2 /^c[วีระชัย วาสิกดิลก] ;บรรณาธิการ, ปนัดดา แสงธรรมชัย
250    ^aพิมพ์ครั้งที่ 1
260    ^aกรุงเทพฯ :^bเกรท ดีไซน์ แอนด์ พริ้นท์,^c2550
300    ^a128 หน้า :^bภาพประกอบ ;^c19 ซม.
650  7 ^aการรักษาด้วยธรรมชาติ
650  7 ^aการดูแลสุขภาพด้วยตนเอง
650  7 ^aโรค^xการป้องกันและควบคุม
700 0  ^aปนัดดา แสงธรรมชัย,^eบรรณาธิการ
945    ^p150^l0^i14069
995    ^aกัณชพร
999 ^a ใช้งานได้ทุกระบบ
รายการนี้ยังไม่มีแท็ก
คุณยังไม่ได้ล็อกอิน คุณสามารถมีกิจกรรมร่วมกับเว็บไซต์ได้ แต่ต้องล็อกอินก่อน ::
  ล็อกอิน

รายการสื่อสารสนเทศ

ลำดับที่ ประเภท เลขเรียก/บาร์โค้ด สถานที่ สถานะ
1. วิทยาศาสตร์การแพทย์ และสุขภาพ
วิทยาศาสตร์การแพทย์ และสุขภาพ
WB935 ว844ม ล.2 2550  
  Barcode: 14069
ห้องสมุดวิทยาเขตสวรรค์ประชารักษ์
►ส่วนจัดเก็บหนังสือเก่า สปร
บนชั้น
  ขอยืม

รายการใกล้เคียง
    หัวเรื่อง [การรักษาด้วยธรรมชาติ]
    หัวเรื่อง [การดูแลสุขภาพด้วยตนเอง]

BibComment


ยังไม่เคยถูกคอมเมนท์

คอมเมนท์ทรัพยากรรายการนี้
  คอมเมนท์: มหัศจรรย์ธรรมชาต..


 Copyright 2026. Bcnsprnw @Library